Technological Innovations for Sustainable Apiculture Management/by Kamin Alexander...[et al.] (Record no. 52475)

MARC details
000 -LEADER
fixed length control field 00561nam a22001577a 4500
003 - CONTROL NUMBER IDENTIFIER
control field OSt
008 - FIXED-LENGTH DATA ELEMENTS--GENERAL INFORMATION
fixed length control field 260629b |||||||| |||| 00| 0 eng d
020 ## - INTERNATIONAL STANDARD BOOK NUMBER
International Standard Book Number 9789366260938
082 ## - DEWEY DECIMAL CLASSIFICATION NUMBER
Classification number 638.1
Item number A37T
245 ## - TITLE STATEMENT
Title Technological Innovations for Sustainable Apiculture Management/by Kamin Alexander...[et al.]
260 ## - PUBLICATION, DISTRIBUTION, ETC. (IMPRINT)
Place of publication, distribution, etc New Delhi:
Name of publisher, distributor, etc International Books & Periodicals Supply Service,
Date of publication, distribution, etc 2025
300 ## - PHYSICAL DESCRIPTION
Extent viii, 92 p.
650 ## - SUBJECT ADDED ENTRY--TOPICAL TERM
Topical term or geographic name as entry element Agriculture and related technologies | Insect culture | Apiculture / Beekeeping
700 ## - ADDED ENTRY--PERSONAL NAME
Personal name Alexander, Kamin
942 ## - ADDED ENTRY ELEMENTS (KOHA)
Source of classification or shelving scheme
Koha item type Books
Holdings
Withdrawn status Lost status Source of classification or shelving scheme Damaged status Not for loan Home library Current library Shelving location Date acquired Source of acquisition Cost, normal purchase price Total Checkouts Full call number Barcode Date last seen Bill Date Koha item type Bill Number
          Dr. Rajendra Prasad Central Agricultural University Pusa, Dr. Rajendra Prasad Central Agricultural University Pusa, General Stacks 29/06/2026 IBPSS, 1350.00   638.1 A37T 87185 29/06/2026 28/01/2026 Books Invoice No. IBPS/021/2025-26
Hosted, Implemented, Customized & Maintained by: BestBookBuddies

Powered by Koha